000 00403nam a22001337a 4500
040 _cNUST
082 _a200 THE
100 _aSyed Uzair Hassan
_984418
110 _aSupervisor Dr. Muhammad Zeeshan
_984419
245 _aTH-SOF-1898-PAPR Reduction in Filtered OFDM using Companding Techniques
260 _aISLAMABAD:
_bNUST COLLEGE OF EME,
_c2021.
650 _aMS-ELECT-17
_984420
942 _2ddc
_cTHE
999 _c586842
_d586842